Statistics for Most Populous Cities with Two Vowels

Click here to take the quiz!

General Stats

  • This quiz has been taken 159 times
  • The average score is 10 of 15

Answer Stats

PopulationCountryCity% Correct
39.5 milJapanTokyo
89%
14.3 milUKLondon
87%
21.9 milUSANew York
87%
11.2 milFranceParis
86%
16.8 milRussiaMoscow
82%
26.0 milIndiaDelhi
79%
9.95 milPeruLima
75%
16.8 milNigeriaLagos
71%
13.6 milIranTehran
67%
16.7 milThailandBangkok
62%
7.35 milUSABoston
60%
17.3 milBangladeshDhaka
59%
7.95 milChinaWuhan
48%
9.40 milChinaChengdu
35%
7.60 milChinaShenyang
15%

Score Distribution

Percentile by Number Answered

Percent of People with Each Score

Your Score History

You have not taken this quiz